00728nam a2200217 450000100060000000300080000600500170001400800410003103500190007203500180009104000350010904100130014408200210015710000440017824501000022226000380032230000430036050400200040365000370042370000500046030121BD-RjUL20211209051521.0140409s1966 enka b 001 0 eng d a(BD-RjUL)30206 a(OCoLC)351520 aBD-RjULbengcBD-RjULdBD-RjUL1 aenghger a160.8bLEL 19661 aLeibniz, Gottfried Wilhelm,d1646-1716.10aLogical papers :c a selection translated and edited with an introduction by G.H.R. Parkinson / aOxford :bClarendon Press,c1966. alxv, 148 p. :btables, diagrs ;c23 cm aIncludes index. 0aLogic, Symbolic and mathematical1 aParkinson, G. H. R.q(George Henry Radcliffe)